000 00653nam a2200193 a 4500
001 000034432
005 20200930073709.0
008 111004s1998 sp a g e 000 0 spa d
020 _a8471836742
020 _a8471836750 (volumen 1)
020 _a8471836769 (volumen 2)
100 1 _aIngram, Christine
_959860
245 1 3 _aLa gran enciclopedia de las verduras /
_cChristine Ingram; traducción Ana Maria Gill.
260 _aBarcelona :
_bEdiciones Hymsa,
_c1998.
300 _a2 v. :
_bil., 28 cm.
505 0 _gv.1
_tPropiedades de las verduras
_gv.2
_tLas verduras en la cocina
700 1 2 _aGill, Ana Maria
_etraductora
_959861
999 _c33923
_d33923
040 _aDO-SdBNP